| 000 | 01357nam2a22002291 4500 | ||
|---|---|---|---|
| 001 | rc\2737930 | ||
| 005 | 20250529140155.0 | ||
| 035 | _a(NLR Aleph) 006865156 | ||
| 090 |
_a6888919 _c6888919 |
||
| 100 | _a20110915d1937 |||y0rusy50 ca | ||
| 101 | 0 | _arus | |
| 102 | _aRU | ||
| 105 | _ay z ||||| | ||
| 200 | 1 | _aВспомогательные материалы. Спецодежда. Топливо, тара, отходы | |
| 210 |
_a[Х.] _cЭлектромехан. и турбогенерат. з-д им. т. Сталина И. В. _d1937 _g4 тип. Трансжелдориздата |
||
| 215 | _aОбл.-папка, 148 л. | ||
| 461 | 0 |
_1001rc\2737929 _12001#$a... Номенклатура-ценник материалов$fНКТП СССР. Главэнергопром. ХЭТЗ$vГруппа 6-7, 8 подгр. 89, 9 _96888909 _aХарьковский электромеханический и турбогенераторный завод им. Сталина _c[Х.] _d1937 _fНКТП СССР. Главэнергопром. ХЭТЗ _nЭлектромехан. и турбогенерат. з-д им. т. Сталина И. В. _tНоменклатура-ценник материалов _vГруппа 6-7, 8 подгр. 89, 9 |
|
| 801 | 0 |
_aRU _bNLR _gpsbo |
|
| 801 | 1 |
_aRU _bELAR _2rusmarc |
|
| 852 |
_aNLR _j37-3/1126 |
||
| 942 | _cBOOK | ||
| 980 | _aNB | ||